000 005140000a22001930004500
001 002300
003 MACL
005 20151003131412.0
008 151003b xxu||||| |||| 00| 0 eng d
040 _aMACL
_cMACL
041 _aEnglish
082 _a900.541/STE
100 _aSterling, Andrew
_913420
245 _aOrissa
_bIts Geography , Statistics, History, Religion And Antiquity
_cAndrew Sterling
260 _aKolkata
_c2004
_bPrafulla,
350 _a400
650 _aHistory
_913421
942 _k901
_cBK
_2ddc
999 _c14212
_d14212